000 00762nam a22002777a 4500
001 7299
003 FISKH
005 20250709082205.0
008 250709b cb ||||| |||| 00| 0 eng d
020 _a9780545012195
040 _aFISKH
_beng
_cFISKH
_dFISKH
050 _aPZ7
082 _a730.924
100 _aDavidson, Avelyn
245 _aHummingbirds /
_cby Avelyn Davidson
260 _aNew York :
_bScholastic,
_c2007.
300 _a16 pages :
_bcolor illustrations ;
_c19 cm
505 _aG
520 _aDescribes the activities of hummingbirds.
521 8 _a370
_bLexile
521 8 _aG
_bRaz-Plus
650 _aAnimals
_vNon-fiction
_xHummingbirds
650 _aBirds
_vNature
_xLife cycle
942 _2ddc
_cBK
_n0
999 _c7299
_d7299